| 000 | 01733nam a2200349 a 4500 | ||
|---|---|---|---|
| 001 | ebr10540440 | ||
| 003 | CaPaEBR | ||
| 006 | m u | ||
| 007 | cr cn||||||||| | ||
| 008 | 111212s2011 dcu sb 001 0 eng d | ||
| 010 | _z 2011049589 | ||
| 020 | _z9780815721352 (pbk. : alk. paper) | ||
| 020 | _z9780815721369 (e-book) | ||
| 040 |
_aCaPaEBR _cCaPaEBR |
||
| 035 | _a(OCoLC)787847289 | ||
| 043 | _an-us--- | ||
| 050 | 1 | 4 |
_aHC110.S3 _bB668 2011eb |
| 082 | 0 | 4 |
_a339.4/30973 _223 |
| 100 | 1 |
_aBosworth, Barry, _d1942- |
|
| 245 | 1 | 4 |
_aThe decline in saving _h[electronic resource] : _ba threat to America's prosperity? / _cBarry P. Bosworth. |
| 260 |
_aWashington, D.C. : _bBrookings Institution, _cc2011. |
||
| 300 | _ap. ;. | ||
| 504 | _aIncludes bibliographical references and index. | ||
| 505 | 0 | _aIntroduction -- Measuring saving -- Why don't americans save? -- Global saving patterns -- Consequences of low saving. | |
| 520 | _a"Examines the decline in saving in the United States over the past quarter-century. Is it a statistical artifact of the official measure of saving? Why don't Americans save? What are the consequences for economic growth, the performance of the aggregate economy, and policy goals?"--Provided by publisher. | ||
| 533 |
_aElectronic reproduction. _bPalo Alto, Calif. : _cebrary, _d2011. _nAvailable via World Wide Web. _nAccess may be limited to ebrary affiliated libraries. |
||
| 650 | 0 |
_aSaving and investment _zUnited States. |
|
| 651 | 0 |
_aUnited States _xEconomic policy. |
|
| 655 | 7 |
_aElectronic books. _2local |
|
| 710 | 2 | _aebrary, Inc. | |
| 856 | 4 | 0 |
_uhttp://site.ebrary.com/lib/rucke/Doc?id=10540440 _zAn electronic book accessible through the World Wide Web; click to view |
| 999 |
_c246053 _d246053 |
||